A Case of the Geographic Mondays - Statistics

General Stats
  • This quiz has been taken 45 times
  • The average score is 12 of 20
Answer Stats
Hint Answer % Correct
Country sandwiched between China and Russia Mongolia
100%
Modern Mediterannean city-state Monaco
98%
Country whose name means "Black Mountain" Montenegro
91%
Biggest city in Quebec Montreal
91%
U.S. state unofficially known as "Big Sky Country" Montana
89%
Southernmost capital in the Western Hemisphere Montevideo
89%
West African capital named for the 5th U.S. president Monrovia
86%
Beachfront city in Los Angeles County, California Santa {Monica}
84%
City in the south of France, namesake of a U.S. state capital Montpellier
82%
Capital of Alabama Montgomery
80%
Major cities in northeastern Mexico Monterrey
77%
Term for a religious complex that houses monks Monastery
70%
Biggest city in New Brunswick Moncton
41%
Famous Parisian hill Montmartre
32%
Famous scenic spot in Navajoland {Monument} Valley
27%
Welsh county named for the previous answer {Monmouth}shire
23%
City at the southern end of Chile's Central Valley Puerto {Montt}
23%
Saline lake in California where two million birds migrate annually {Mono} Lake
18%
Major cities in northeastern Mexico Monclova
9%
Waterway separating England from Wales River {Monnow}
5%
No matching quizzes found
Score Distribution
Percent of People with Each Score
Percentile by Number Answered
Your Score History
You have not taken this quiz